| 000 | 00802nam a2200217Ia 4500 | ||
|---|---|---|---|
| 999 |
_c36145 _d36145 |
||
| 001 | 2047 | ||
| 003 | GE_BSU | ||
| 005 | 20190422211842.0 | ||
| 008 | 181216s||||||||xx |||||||||||||| ||und|| | ||
| 020 | _a5942012849 | ||
| 040 | _cGE_BSU | ||
| 041 | _arus | ||
| 080 | _a342(075.8) Н-87 | ||
| 100 |
_aНудненко, Л. А. _9365 |
||
| 245 | _aКонституционно-правовой статус депутата законодательного органа государственной власти РФ / | ||
| 264 |
_aСПБ : _bЮридический центр Пресс, _c2004 |
||
| 300 |
_a475 стр. ; _b20см. |
||
| 653 | _aსამართალი | ||
| 653 | _aრუსეთის ფედერაციის კონსტუტუცია | ||
| 942 |
_cBK _2udc |
||